| 000 | 00846nam a2200241Ia 4500 | ||
|---|---|---|---|
| 001 | 8491 | ||
| 003 | GE_BSU | ||
| 008 | 181216s||||||||xx |||||||||||||| ||und|| | ||
| 040 | _cGE_BSU | ||
| 080 | _a821.353.1.09 | ||
| 100 | _aზოიძე,შოთა. | ||
| 245 | _aჯვარცმული ფიქრი. | ||
| 245 | _bლიტერატურული წერილები. | ||
| 245 | _cრედ:გულნარა ფაღავა;მხატვ;რედ:გურამ გუჯაბიძე. | ||
| 260 | _aბათუმი. | ||
| 260 | _bაჭარა. | ||
| 260 | _c1995. | ||
| 300 | _a315გვ;1ფ.პორტრ;20სმ. | ||
| 541 | _h5ლ. | ||
| 653 | _aლიტერატურული წერილები. | ||
| 653 | _aჯვარცმული ფიქრი. | ||
| 942 | _cBK | ||
| 999 |
_c41808 _d41808 |
||